000 00691 a2200205 4500
260 _aParis
100 _aCentre national d'études et d'exploitation de machinisme agricole (C.N.E.E.M.A.)
260 _bCentre nationale d'études et d'expérimentation agricole
245 _aLexique méthodique illustré d machinisme agricole
300 _a355 p.
650 _a<Machines agricoles-Dictionnaires>
260 _c1976
300 _bfig. ; 29 cm
130 _lFr.
035 _a4336
500 _aEn-tête du titre : Ministère de l'Agriculture. Direction de l'amenagement rural et des structures. - Comprend un index
999 _c11519
_d11519